« Retourner aux résultats de recherche
Pensées sur la mort
| D'autres auteurs: | André Comte-Sponville |
|---|---|
| Support: | Livres |
| Langue: | Francais |
| Publié: |
1998 Albin Michel Paris |
| Genre: |
Documentaire |
| Collection: |
Carnets de philosophie |
| Sujets: | |
| Étiquettes: |
Ajouter
Pas de Tags !
|
| LEADER | 00642nam0a2200181 450 | ||
|---|---|---|---|
| 001 | 16847803 | ||
| 010 | |a 2-226-09127-0 |b Cart. |d 65 F | ||
| 100 | |a 19980312d1998 u u0frey01 ba | ||
| 101 | 0 | |a fre | |
| 200 | 0 | |a Pensées sur la mort |f textes choisis et prés. par André Comte-Sponville | |
| 207 | 1 | |a | |
| 210 | |a Paris |b 22 Rue Huyghens. |c Albin Michel |d 1998 | ||
| 215 | |a 63 p. |d 22 x 13 cm | ||
| 225 | 1 | |a Carnets de philosophie | |
| 702 | 0 | |a Comte-Sponville |b André |f 1952-.... |4 340 | |
| 900 | |a Documentaire | ||
| 901 | |a Accessible au prêt | ||
| 995 | |a Bibliothèque |c Bibliothèque |f 00156004865705 |h 00156004865705 |k 128.5 PEN |o p |q a |r az |e Bibliothèque | ||
